| 000 | 00441nam a2200145 a 4500 | ||
|---|---|---|---|
| 001 | 000036541 | ||
| 005 | 20200930075805.0 | ||
| 008 | 120119s1960 ve 000 0 spa d | ||
| 040 |
_aDO-SdBNP _bspa _cBNPHU |
||
| 082 |
_axxxx _bB641t |
||
| 100 | 1 |
_aBlanco, Andrés Eloy _939365 |
|
| 245 | 1 | 0 |
_aTierras que me oyeron. / _cAndrés Eloy Blanco; Rómulo Gallegos. |
| 260 |
_aVenezuela, : _bEditorial Cordillera, _c1960. |
||
| 300 |
_a156 p. ; _c18 cm. |
||
| 999 |
_c36032 _d36032 |
||